| 000 | 00864nam a2200253Ia 4500 | ||
|---|---|---|---|
| 003 | OSt | ||
| 005 | 20220918170946.0 | ||
| 006 | a|||||r|||| 00| 0 | ||
| 007 | ta | ||
| 008 | 220917b |||||||| |||| 00| 0 eng d | ||
| 020 |
_a978107573093 (pbk) _cUKP 23.99 |
||
| 024 | _a352,804 | ||
| 037 |
_b8806, 06/03/2020, Efficient Book Distributors _cTextual |
||
| 040 |
_aARTS _cARTS _beng |
||
| 041 |
_2eng _aeng |
||
| 082 | _aU42.5, Q7 | ||
| 100 |
_aSchinkel Willem Au. _932620 |
||
| 245 | 0 |
_aImagined societies _b critique of immkigrant integration in western europe |
|
| 260 |
_aCambridge _bCambridge University press UK _c2017 |
||
| 300 |
_avii,271p. _ccm. |
||
| 650 |
_aIMMIGRATION AND EMIGRATION; SOCIOLOGY _929699 |
||
| 942 |
_hU42.5, Q7 _cTEXL _2CC |
||
| 999 |
_c136913 _d136913 |
||